Podporná politika do poľnohospodárstva SR v rokoch 2004 – 2012
Vývoj a hodnotenie podpornej politiky poľnohospodárstva od vstupu SR do Európskej únie po rok 2012. Všetky podpory do poľnohospodárskeho sektora sa realizovali prostredníctvom Pôdohospodárskej platobnej agentúry, ktorá pomocou Integrovaného administratívneho a kontrolného systému zabezpečuje efektív...
Na minha lista:
| Autor principal: | |
|---|---|
| Formato: | Capítulo de Livro |
| Idioma: | eslovaco |
| Assuntos: | |
| Tags: |
Sem tags, seja o primeiro a adicionar uma tag!
|
MARC
| LEADER | 00000nla a2200000 4500 | ||
|---|---|---|---|
| 001 | 0198888 | ||
| 005 | 20240417075054.6 | ||
| 041 | 0 | |a slo | |
| 044 | |a SK | ||
| 245 | 1 | 0 | |a Podporná politika do poľnohospodárstva SR v rokoch 2004 – 2012 |c Ivona Ďuričová |
| 520 | |a Vývoj a hodnotenie podpornej politiky poľnohospodárstva od vstupu SR do Európskej únie po rok 2012. Všetky podpory do poľnohospodárskeho sektora sa realizovali prostredníctvom Pôdohospodárskej platobnej agentúry, ktorá pomocou Integrovaného administratívneho a kontrolného systému zabezpečuje efektívne využívanie prostriedkov a ich transparentnosť. Podpory sú zatriedené do piatich hlavných skupín: priame platby, podpory v rámci organizácie trhu, podpory na rozvoj vidieka, štátna pomoc (národné opatrenia) a všeobecné služby. | ||
| 610 | 2 | 0 | |a poľnohospodárstvo |
| 610 | 2 | 0 | |a podpory |
| 610 | 2 | 0 | |a podpora štátna |
| 610 | 2 | 0 | |a rozvoj vidieka |
| 610 | 2 | 0 | |a platby priame |
| 610 | 2 | 0 | |a Slovensko |
| 100 | 1 | |a Ďuričová, Ivona | |